Europa: Geografie mit B - Statistiken

Allgemein
  • Dieses Quiz wurde 400 mal gespielt
  • Das Durchschnittsergebnis liegt bei 12 aus 20
Antwortstatistiken
Hinweis Antwort % Korrekt
Obwohl in dieser Stadt das Parlament und die Regierung der Schweiz ihren Sitz haben, ist sie nicht offiziell die Hauptstadt Bern
99%
Seit einiger Zeit die offizielle Bezeichnung für Weißrussland Belarus
96%
Der Rhein fließt durch diesen See, der zu Deutschland, Österreich und der Schweiz gehört Bodensee
95%
Inselgruppe im Mittelmeer, zu der Mallorca, Menorca, Ibiza und Formentera gehören Balearen
90%
Auf der oben gesuchten Halbinsel gelegenes Land, das am schwersten vom Jugoslawienkrieg getroffen wurde Bosnien und Herzegowina
77%
Region im Norden Spaniens und Südwesten Frankreichs, deren Sprache mit keiner anderen europäischen Sprache verwandt ist {Basken}land
74%
Region mit einer wechselvollen Geschichte, die neben Mähren und einem Teil Schlesiens die Tschechische Republik bildet Böhmen
68%
Region im Nordwesten Frankreichs, in der einige Menschen noch eine keltische Sprache sprechen Bretagne
66%
Größte Stadt in der oben gesuchten Region, unter anderem bekannt für das Guggenheim-Museum Bilbao
65%
Große gebirgige Halbinsel in Südosteuropa, die sich zwischen Mittelmeer und Schwarzem Meer erstreckt Balkan
64%
Deutscher Name der polnischen Stadt Wrocław Breslau
63%
Das österreichische Bundesland mit der geringsten Einwohnerzahl Burgenland
57%
Hauptstadt der belgischen Provinz Westflandern mit einem zum Weltkulturerbe gehörenden mittelalterlichen Stadtkern Brügge
53%
Großer Golf des Atlantiks an der spanischen Nord- und der französischen Westküste Biskaya
47%
Größtes Seebad an der Südküste Englands, das für seinen Pier und seinen Pavilion bekannt ist Brighton
44%
Die im Jahr 1088 in dieser Stadt gegründete Universität ist die älteste Universität Europas Bologna
38%
Ostseebucht zwischen Schweden und Finnland, die den gesamten nördlichen Teil der Ostsee ausmacht {Bottnischer} Meerbusen
35%
Die Ostseeinsel mit der Hauptstadt Rønne liegt zwischen Schweden und Polen, gehört aber zu Dänemark Bornholm
33%
Nördlich von Norwegen und dem europäischen Teil Russlands gelegenes Randmeer des Arktischen Ozeans {Barents}see
23%
Rumänischer Name der siebenbürgischen Stadt Kronstadt, die im 13. Jahrhundert vom Deutschen Orden gegründet wurde Brașov
13%
Keine übereinstimmenden Quizze gefunden
Verteilung der Resultate
Anzahl Personen mit jedem Resultat
Perzentil nach korrekt beantworteten Fragen
Ihre Resultats-Entwicklung
Sie haben dieses Quiz noch nicht gespielt